Statistiques concernant Capitales les plus proches d'une autre capitale

Cliquez ici pour prendre le quiz!

Statistiques générales

  • Ce quiz a été pris 63 fois
  • Le résultat moyen est 6 sur 20

Statistiques - réponses

Capitales% Correct
Rome
84%
Vatican
84%
Vienne
59%
Bratislava
50%
Kinshasa
41%
Brazzaville
36%
Jérusalem
29%
Beyrouth
25%
Tallinn
25%
Zagreb
25%
Amman
23%
Helsinki
23%
Damas
20%
Ljubljana
18%
Pristina
16%
Skopje
13%
Kingstown
7%
Castries
5%
Basseterre
4%
Saint John's
2%

Distribution des résultats

Percentile par nombre de réponses

% des personnes avec chaque résultat

Votre développement - résultats

Vous n’avez pas pris ce quiz